Z metodyki badan nad racjonalizacje rozwoju przemyslu

Uložené v:
Podrobná bibliografia
Médium: Kniha
Jazyk:Polish
Vydavateľské údaje: Poznan Akademia Ekon. 1985
Edícia:Zeszyty naukowe-seria 1 zeszyt 114
Tagy: Pridať tag
Žiadne tagy, Buďte prvý, kto otaguje tento záznam!

MARC

LEADER 00000nam a2200000 4500
001 c110616
005 20181203150317.2
041 0 |a pol 
044 |a PL 
245 1 0 |a Z metodyki badan nad racjonalizacje rozwoju przemyslu 
264 1 |a Poznan  |b Akademia Ekon.  |c 1985 
300 |a 106 s. 
490 1 |a Zeszyty naukowe-seria 1  |v zeszyt 114 
830 0 |a Zeszyty naukowe-seria 1  |v zeszyt 114